| 000 | 00984cam a2200277 4500 | ||
|---|---|---|---|
| 001 | WB3703-19 | ||
| 008 | 000000n2001 000 0 eng u | ||
| 035 | _a(Sirsi) u110413 | ||
| 245 | _aLimited contributions | ||
| 260 | _c2001 | ||
| 490 |
_aEstates Gazette _v(0102) 13 January 2001, 145(1) |
||
| 520 | _aThe Court of Appeal has upheld the decision in "Howkins & Harrison (a firm) v Tyler and another", and confirmed that a negligent mortgage valuer cannot recover a contribution from the borrower towards the lender's damages. See WB3610-42 | ||
| 590 | _aWB | ||
| 650 | _aREVALUATION | ||
| 650 | _aOVER-VALUATION | ||
| 650 | _aVALUERS | ||
| 650 |
_aValuation _96273 |
||
| 650 | _aCONTRIBUTORY NEGLIGENCE | ||
| 650 | _aNEGLIGENCE | ||
| 650 | _aMORTGAGE DEFAULT | ||
| 650 | _aDAMAGES | ||
| 650 | _aCIVIL LIABILITY (CONTRIBUTION) ACT 1978 | ||
| 650 | _aHOWKINS & HARRISON (A FIRM) V TYLER AND ANOTHER | ||
| 690 | _aPROFESSIONAL PRACTICE-NEGLIGENCE | ||
| 942 | _n0 | ||
| 999 |
_c65826 _d65826 |
||